The Herman Miller Collection /

Catálogo del año 1952 de la empresa Herman Miller, ubicada en Zeeland, Michigan, que inició labores en 1923, manufacturando muebles para casa, pero que pronto se distinguió como líder en diseño de mobiliario para entornos de trabajo. Famosos diseñadores como Charles Eames y George Nelson, han creado...

ver descrição completa

Na minha lista:
Detalhes bibliográficos
Autor principal: Eames, Charles (autor)
Outros Autores: Nelson, George (autor) (autor), Girard, Alexander (autor) (autor)
Formato: Livro
Idioma:inglês
Publicado em: Michigan, EUA : Herman Miller Furniture Company, 1952, c1952
Assuntos:
Tags: Adicionar Tag
Sem tags, seja o primeiro a adicionar uma tag!

MARC

LEADER 00000nam^a2200000^a^4500
001 000185219
005 20250526000000.0
009 20260310102144.311
037 |a Acervo ITESO - Biblioteca 
041 |a ING 
082 |a 749. 217374  |b HER 1952 
100 |a Eames, Charles  |e (autor) 
245 1 4 |a The Herman Miller Collection /  |c G. Nelson, C. Eames, A. Girard ; fotografía de Dale Rooks. 
264 4 |a Michigan, EUA :  |b Herman Miller Furniture Company,  |c 1952, c1952 
300 |a 116 p. ;  |c 22.0 cm. 
336 |a texto  |b txt  |2 rdacontenido 
337 |a sin mediación  |b n  |2 rdamedio 
338 |a volumen  |b nc  |2 rdasoporte 
520 |a Catálogo del año 1952 de la empresa Herman Miller, ubicada en Zeeland, Michigan, que inició labores en 1923, manufacturando muebles para casa, pero que pronto se distinguió como líder en diseño de mobiliario para entornos de trabajo. Famosos diseñadores como Charles Eames y George Nelson, han creado piezas para la compañía. En la presente obra se muestra el trabajo de estos diseñadores en el siguiente orden: muebles para almacenar, muebles para dormir, muebles para comer, muebles para sentarse, muebles de oficina y piezas sueltas. 
649 |a XX 
650 |a Diseñadores Norteamericanos 
650 |a Artistas Norteamericanos 
650 |a Muebles de Oficina 
650 |a Muebles de Sala 
650 |a Muebles de Comedor 
650 |a Muebles de Recámara 
650 |a Muebles -  |z EUA -  |x Catálogos 
650 |a Diseño Industrial -  |z EUA 
650 |a Diseño Norteamericano 
650 |a Decoración y Ornamentación -  |z EUA -  |x Historia y Crítica 
650 |a Arquitectura Norteamericana -  |x Historia y Crítica 
650 |a Arte Moderno -  |x Historia y Crítica 
650 |a Arte Norteamericano -  |x Historia y Crítica 
650 |a Nelson, George 
650 |a Eames, Charles 
700 |a Nelson, George  |e (autor) 
700 |a Girard, Alexander  |e (autor) 
910 |a Fondo Julio de la Peña Lomelín 
920 |a Impresos - Libros 
930 |a Libros Antiguos y Raros 
940 |a Arquitectos Jaliscienses 
905 |a 108 
901 |a 0500126391  |b IT2  |c LRA  |u 20250526 
902 |a https://opac.biblio.iteso.mx/vufind/Record/000185219